[Event "DM 2024 KP-1 Grp2"]
[Site "Svendborg"]
[Date "2024.03.23"]
[Round "1"]
[White "Bekmukhanov, Sauran"]
[Black "Lavrsen, Frands Winther"]
[Result "1/2-1/2"]
[WhiteElo "1862"]
[BlackElo "1817"]
[PlyCount "120"]
[WhiteFideId "1472844"]
[BlackFideId "1411152"]
[EventDate "2024.03.25"]
[EventType "swiss"]
[EventRounds "5"]
[EventCountry "DEN"]
[SourceTitle "Live v. Kasper Jerwiarz"]

1. e4 c5 2. Nf3 Nc6 3. d4 cxd4 4. Nxd4 e5 5. Nf5 d6 
6. Nc3 Bxf5 7. exf5 Nf6 8. Bc4 Be7 9. O-O O-O 10. f4 Rc8 
11. a3 a6 12. Be3 b5 13. Ba2 Qc7 14. Qf3 Nd4 15. Bxd4 exd4 
16. Nd5 Nxd5 17. Qxd5 Bf6 18. Kh1 Qb6 19. Rae1 Qc6 20. Re2 Qxd5 
21. Bxd5 Rc5 22. Bb3 Rxf5 23. g4 Rc5 24. g5 Bd8 25. Re4 Rf5 
26. Rxd4 Bxg5 27. Kg2 Bf6 28. Rxd6 Bxb2 29. Rxa6 Re8 30. Re1 Kf8 
31. Rxe8+ Kxe8 32. Kg3 Bc1 33. Ra8+ Ke7 34. Ra7+ Ke8 35. Rb7 Bxf4+ 
36. Kg4 g6 37. Rxb5 Rxb5 38. Ba4 Bxh2 39. Bxb5+ Ke7 40. Kg5 h5 
41. Bc4 Bg1 42. a4 Be3+ 43. Kh4 f5 44. a5 Kf6 45. Be2 Ke5 
46. Kg3 Kd4 47. c4 Ke4 48. a6 f4+ 49. Kg2 Bc5 50. Bd1 Ke3 
51. Bf3 Kd3 52. Bd5 g5 53. Kf3 Be3 54. Be4+ Kxc4 55. Bg6 g4+ 
56. Ke4 g3 57. Kf3 h4 58. Bf5 Kc3 59. Bh3 Kd2 60. Bg2 Ke1 
1/2-1/2

[Event "DM 2024 KP-1 Grp2"]
[Site "Svendborg"]
[Date "2024.03.23"]
[Round "1"]
[White "Jensen, Soren"]
[Black "Petersen, Frank Gjerning"]
[Result "1-0"]
[WhiteElo "1824"]
[BlackElo "1844"]
[PlyCount "41"]
[WhiteFideId "1409999"]
[BlackFideId "1427032"]
[EventDate "2024.03.25"]
[EventType "swiss"]
[EventRounds "5"]
[EventCountry "DEN"]
[SourceTitle "Live v. Kasper Jerwiarz"]

1. g3 d5 2. Bg2 c6 3. b3 e6 4. Bb2 Nd7 5. d3 f5 
6. e3 Ngf6 7. Nd2 Bd6 8. Ne2 O-O 9. O-O e5 10. Nf3 Qe8 
11. c4 e4 12. dxe4 fxe4 13. Ng5 Qe7 14. cxd5 cxd5 15. Nh3 Ne5 
16. Nhf4 Bg4 17. Nxd5 Nxd5 18. Qxd5+ Kh8 19. Nf4 Rad8 20. Qxe4 Nf3+ 
21. Bxf3 1-0

[Event "DM 2024 KP-1 Grp2"]
[Site "Svendborg"]
[Date "2024.03.23"]
[Round "1"]
[White "Sejersen, Christian"]
[Black "Holm, Henrik"]
[Result "1-0"]
[WhiteElo "1854"]
[BlackElo "1858"]
[PlyCount "75"]
[WhiteFideId "1441060"]
[BlackFideId "1425340"]
[EventDate "2024.03.25"]
[EventType "swiss"]
[EventRounds "5"]
[EventCountry "DEN"]
[SourceTitle "Live v. Kasper Jerwiarz"]

1. Nf3 Nf6 2. g3 d5 3. Bg2 e6 4. O-O c5 5. c4 Nc6 
6. d4 cxd4 7. Nxd4 Be7 8. Nc3 O-O 9. cxd5 Nxd5 10. Nxc6 bxc6 
11. Qc2 Bb7 12. Rd1 Qb6 13. e4 Nxc3 14. bxc3 Rfd8 15. Bf4 c5 
16. Rab1 Qc6 17. Rxb7 Qxb7 18. e5 Qc7 19. Bxa8 Rxa8 20. Qa4 Bf8 
21. Rd7 Qb6 22. Be3 h6 23. Qf4 Qb1+ 24. Kg2 Qg6 25. Rc7 a6 
26. Bxc5 Bxc5 27. Rxc5 Ra7 28. Qd4 Rb7 29. Ra5 Qc2 30. Rxa6 Rb1 
31. Ra8+ Kh7 32. a4 Qc1 33. Qd3+ g6 34. Ra7 Kg7 35. a5 Qg1+ 
36. Kh3 Rf1 37. Qf3 Rxf2 38. Rxf7+ 1-0

[Event "DM 2024 KP-1 Grp2"]
[Site "Svendborg"]
[Date "2024.03.23"]
[Round "1"]
[White "Horslund, Mikael"]
[Black "Marcussen, Claus"]
[Result "1-0"]
[WhiteElo "1839"]
[BlackElo "1791"]
[PlyCount "93"]
[WhiteFideId "1421042"]
[BlackFideId "1506021"]
[EventDate "2024.03.25"]
[EventType "swiss"]
[EventRounds "5"]
[EventCountry "DEN"]
[SourceTitle "Live v. Kasper Jerwiarz"]

1. d4 f5 2. c4 Nf6 3. Nc3 e6 4. g3 d5 5. Bg2 c6 
6. Nf3 Bd6 7. b3 Nbd7 8. Bb2 O-O 9. Qc2 Ne4 10. e3 Bb4 
11. a3 Bxc3+ 12. Bxc3 g5 13. Bb4 Rf7 14. a4 Rg7 15. Ne5 Nxe5 
16. dxe5 g4 17. Bxe4 fxe4 18. h3 Bd7 19. hxg4 Rxg4 20. Qe2 Rg7 
21. Bd6 Be8 22. Rh4 Bg6 23. Rf4 Qd7 24. c5 Rd8 25. b4 Rf7 
26. O-O-O b6 27. Rxf7 Qxf7 28. cxb6 axb6 29. Qa6 Qxf2 30. Qxb6 Re8 
31. a5 Bh5 32. Rd2 Be2 33. Qd4 Qe1+ 34. Kb2 Bd3 35. Rxd3 exd3 
36. Qxd3 Qf2+ 37. Kb3 Qf5 38. Qxf5 exf5 39. Kc3 Kf7 40. Kd4 Ke6 
41. Kc5 Kd7 42. Kb6 Rg8 43. a6 Rxg3 44. a7 Rg8 45. Bb8 Rg4 
46. a8=Q Rxb4+ 47. Ka5 1-0

[Event "DM 2024 KP-1 Grp2"]
[Site "Svendborg"]
[Date "2024.03.23"]
[Round "1"]
[White "Hojland, Jeppe"]
[Black "Jacobsen, Steen"]
[Result "1-0"]
[WhiteElo "1788"]
[BlackElo "1831"]
[PlyCount "75"]
[WhiteFideId "1462172"]
[BlackFideId "1447009"]
[EventDate "2024.03.25"]
[EventType "swiss"]
[EventRounds "5"]
[EventCountry "DEN"]
[SourceTitle "Live v. Kasper Jerwiarz"]

1. c4 e5 2. g3 Nc6 3. Bg2 f5 4. e3 Nf6 5. Nc3 d5 
6. cxd5 Nb4 7. d4 e4 8. Nh3 Nd3+ 9. Kf1 Nxd5 10. Nxd5 Qxd5 
11. Qxd3 exd3 12. Bxd5 Bb4 13. b3 Bc3 14. Rb1 d2 15. Ba3 c6 
16. Bf3 h6 17. Nf4 g5 18. Ne2 Ba5 19. b4 Bb6 20. Rd1 a5 
21. Rxd2 axb4 22. Bxb4 Be6 23. Nc3 g4 24. Be2 Ba5 25. Bxa5 Rxa5 
26. Kg2 h5 27. Rc1 h4 28. f4 hxg3 29. hxg3 b5 30. d5 Bd7 
31. Rh1 Rxh1 32. Kxh1 b4 33. Nd1 cxd5 34. Kg1 Bc6 35. Nf2 Ra3 
36. Nd3 Bb7 37. Kf2 Ra6 38. Nc5 1-0

[Event "DM 2024 KP-1 Grp2"]
[Site "Svendborg"]
[Date "2024.03.23"]
[Round "1"]
[White "Westenvind, Allan"]
[Black "Westh, Niels Buster Krog"]
[Result "0-1"]
[WhiteElo "1860"]
[BlackElo "1803"]
[PlyCount "76"]
[WhiteFideId "1422952"]
[BlackFideId "1438590"]
[EventDate "2024.03.25"]
[EventType "swiss"]
[EventRounds "5"]
[EventCountry "DEN"]
[SourceTitle "Live v. Kasper Jerwiarz"]

1. d4 Nf6 2. Nf3 e6 3. e3 b6 4. Bd3 Bb7 5. Nbd2 Be7 
6. b3 O-O 7. Bb2 d6 8. Qe2 Nbd7 9. O-O c5 10. Rac1 cxd4 
11. exd4 Nd5 12. g3 Nb4 13. a3 Nxd3 14. Qxd3 Bg5 15. Nxg5 Qxg5 
16. Ne4 Bxe4 17. Qxe4 d5 18. Qe2 Rac8 19. Kg2 Rc6 20. Qd3 Rfc8 
21. h4 Qh5 22. f3 f5 23. Rf2 Nf6 24. Re1 Qg6 25. Kh3 Nh5 
26. f4 Rxc2 27. Ree2 Rxe2 28. Rxe2 Qg4+ 29. Kh2 Nxg3 30. Rxe6 Nf1+ 
31. Kh1 Qxf4 32. Kg1 Ng3 33. Re3 Ne4 34. Rf3 Qg4+ 35. Kh1 Qxh4+ 
36. Kg2 Qg4+ 37. Kh1 h5 38. Kh2 h4 0-1

[Event "DM 2024 KP-1 Grp2"]
[Site "Svendborg"]
[Date "2024.03.24"]
[Round "2"]
[White "Jensen, Soren"]
[Black "Sejersen, Christian"]
[Result "1-0"]
[WhiteElo "1824"]
[BlackElo "1854"]
[PlyCount "59"]
[WhiteFideId "1409999"]
[BlackFideId "1441060"]
[EventDate "2024.03.25"]
[EventType "swiss"]
[EventRounds "5"]
[EventCountry "DEN"]
[SourceTitle "Live v. Kasper Jerwiarz"]

1. g3 c5 2. Bg2 g6 3. e3 Bg7 4. Ne2 Nc6 5. O-O d5 
6. d3 e5 7. Nbc3 Nf6 8. f4 O-O 9. fxe5 Nxe5 10. d4 cxd4 
11. exd4 Nc6 12. Bg5 Be6 13. Nxd5 Bxd5 14. Bxd5 Qxd5 15. Bxf6 Bxf6 
16. Rxf6 Qg5 17. Rf3 Rae8 18. Nf4 Re4 19. c3 h5 20. Qb3 h4 
21. Qd5 Qe7 22. Nxg6 Re1+ 23. Rxe1 Qxe1+ 24. Kg2 Qe2+ 25. Kh3 Ne7 
26. Nxe7+ Qxe7 27. gxh4 Qe2 28. Qg5+ Kh7 29. Qh5+ Kg8 30. Rg3+ 1-0

[Event "DM 2024 KP-1 Grp2"]
[Site "Svendborg"]
[Date "2024.03.24"]
[Round "2"]
[White "Ramsdal, Lasse Andreas"]
[Black "Hojland, Jeppe"]
[Result "1-0"]
[WhiteElo "1816"]
[BlackElo "1788"]
[PlyCount "63"]
[WhiteFideId "1440675"]
[BlackFideId "1462172"]
[EventDate "2024.03.25"]
[EventType "swiss"]
[EventRounds "5"]
[EventCountry "DEN"]
[SourceTitle "Live v. Kasper Jerwiarz"]

1. d4 Nf6 2. c4 e6 3. g3 Bb4+ 4. Nd2 O-O 5. Bg2 d5 
6. Ngf3 dxc4 7. O-O c3 8. Nc4 cxb2 9. Bxb2 Nbd7 10. Qc2 Nb6 
11. Rac1 c6 12. Nce5 Be7 13. h4 Bd7 14. Ng5 h6 15. Nh3 Rc8 
16. Rfd1 Nbd5 17. e4 Nb4 18. Qb3 Rc7 19. a3 Na6 20. Rc3 Qc8 
21. g4 Rd8 22. g5 hxg5 23. hxg5 Nh7 24. g6 fxg6 25. Nf4 Bf8 
26. Nxd7 Qxd7 27. Nxe6 Kh8 28. Nxd8 Qxd8 29. d5 Rd7 30. Rh3 Nc5 
31. Qg3 g5 32. Qh2 1-0

[Event "DM 2024 KP-1 Grp2"]
[Site "Svendborg"]
[Date "2024.03.24"]
[Round "2"]
[White "Westh, Niels Buster Krog"]
[Black "Horslund, Mikael"]
[Result "0-1"]
[WhiteElo "1803"]
[BlackElo "1839"]
[PlyCount "98"]
[WhiteFideId "1438590"]
[BlackFideId "1421042"]
[EventDate "2024.03.25"]
[EventType "swiss"]
[EventRounds "5"]
[EventCountry "DEN"]
[SourceTitle "Live v. Kasper Jerwiarz"]

1. e4 e6 2. d4 d5 3. exd5 exd5 4. Bf4 Nf6 5. Bd3 Bd6 
6. Bxd6 Qxd6 7. Qe2+ Be6 8. Nf3 Nc6 9. c3 O-O-O 10. O-O Rde8 
11. Qc2 h6 12. Re1 Nd7 13. Nbd2 Re7 14. b4 Rhe8 15. a4 Bg4 
16. Reb1 Qf4 17. a5 Nd8 18. b5 Qf6 19. c4 dxc4 20. Qxc4 Kb8 
21. Rc1 Qd6 22. b6 axb6 23. a6 Be6 24. Qa4 Bd5 25. axb7 Bxb7 
26. Ba6 Qd5 27. Bb5 c6 28. Bc4 Qd6 29. Ra2 c5 30. Nb3 Nc6 
31. d5 Nb4 32. Raa1 Ne5 33. Nxe5 Rxe5 34. f4 Re3 35. g3 Kc7 
36. Rd1 Ra8 37. Qb5 Ba6 38. Qa4 Bb7 39. Qb5 Rxa1 40. Rxa1 g5 
41. Ra7 Kb8 42. Ra1 gxf4 43. Kf2 Re7 44. Rd1 Ba6 45. Qxb4 cxb4 
46. Bxa6 fxg3+ 47. hxg3 b5 48. Bxb5 Qb6+ 49. Nd4 Re4 0-1

[Event "DM 2024 KP-1 Grp2"]
[Site "Svendborg"]
[Date "2024.03.24"]
[Round "2"]
[White "Petersen, Frank Gjerning"]
[Black "Bekmukhanov, Sauran"]
[Result "1-0"]
[WhiteElo "1844"]
[BlackElo "1862"]
[PlyCount "69"]
[WhiteFideId "1427032"]
[BlackFideId "1472844"]
[EventDate "2024.03.25"]
[EventType "swiss"]
[EventRounds "5"]
[EventCountry "DEN"]
[SourceTitle "Live v. Kasper Jerwiarz"]

1. d4 Nf6 2. Nf3 e6 3. e3 d5 4. Bd3 Bd6 5. b3 O-O 
6. Bb2 Ne4 7. O-O f5 8. Nbd2 Nd7 9. Ne5 Rf6 10. f3 Nxd2 
11. Qxd2 Bxe5 12. dxe5 Rh6 13. Qf2 b6 14. Rad1 Nc5 15. Be2 Ba6 
16. c4 c6 17. Bd4 Nd7 18. e4 dxc4 19. exf5 exf5 20. f4 Qe7 
21. Rfe1 Nf8 22. Qf3 Bb7 23. Bxc4+ Ne6 24. Bb2 b5 25. Bxe6+ Rxe6 
26. Qd3 g6 27. Rd2 a6 28. Red1 c5 29. Qe3 Bc6 30. Rd6 Rxd6 
31. Rxd6 Qb7 32. e6 Re8 33. Qe5 Kf8 34. Qf6+ Qf7 35. Qxf7# 1-0

[Event "DM 2024 KP-1 Grp2"]
[Site "Svendborg"]
[Date "2024.03.24"]
[Round "2"]
[White "Lavrsen, Frands Winther"]
[Black "Jacobsen, Steen"]
[Result "1-0"]
[WhiteElo "1817"]
[BlackElo "1831"]
[PlyCount "49"]
[WhiteFideId "1411152"]
[BlackFideId "1447009"]
[EventDate "2024.03.25"]
[EventType "swiss"]
[EventRounds "5"]
[EventCountry "DEN"]
[SourceTitle "Live v. Kasper Jerwiarz"]

1. f4 e5 2. fxe5 d6 3. exd6 Bxd6 4. Nf3 g5 5. d3 g4 
6. Nd4 Qh4+ 7. g3 Bxg3+ 8. hxg3 Qxh1 9. Bf4 Qd5 10. Nb3 h5 
11. Nc3 Qd8 12. Qd2 c6 13. Qe3+ Qe7 14. Ne4 Nd7 15. Bd6 Rh6 
16. Bxe7 Kxe7 17. Nec5+ Kd8 18. Qg5+ Ndf6 19. Bg2 Rg6 20. Qe5 Ne7 
21. Kd2 h4 22. gxh4 g3 23. Rf1 Ng4 24. Qd4+ Ke8 25. Rf4 1-0

[Event "DM 2024 KP-1 Grp2"]
[Site "Svendborg"]
[Date "2024.03.24"]
[Round "2"]
[White "Holm, Henrik"]
[Black "Westenvind, Allan"]
[Result "1-0"]
[WhiteElo "1858"]
[BlackElo "1860"]
[PlyCount "49"]
[WhiteFideId "1425340"]
[BlackFideId "1422952"]
[EventDate "2024.03.25"]
[EventType "swiss"]
[EventRounds "5"]
[EventCountry "DEN"]
[SourceTitle "Live v. Kasper Jerwiarz"]

1. e4 d5 2. exd5 Nf6 3. Bb5+ Nbd7 4. Nf3 Nxd5 5. d4 c6 
6. Be2 e6 7. O-O Bd6 8. g3 O-O 9. c4 Ne7 10. Nc3 h6 
11. a3 a5 12. Re1 Bc7 13. Bd3 Nb6 14. b3 f5 15. Ne2 Qe8 
16. Nf4 Rf6 17. Ne5 g6 18. Bb2 g5 19. Nh5 Bxe5 20. dxe5 Rg6 
21. Nf6+ Rxf6 22. exf6 Ng6 23. Bxf5 Nf8 24. Qd4 Qf7 25. Qxb6 1-0

[Event "DM 2024 KP-1 Grp2"]
[Site "Svendborg"]
[Date "2024.03.24"]
[Round "3"]
[White "Horslund, Mikael"]
[Black "Ramsdal, Lasse Andreas"]
[Result "1-0"]
[WhiteElo "1839"]
[BlackElo "1816"]
[PlyCount "63"]
[WhiteFideId "1421042"]
[BlackFideId "1440675"]
[EventDate "2024.03.25"]
[EventType "swiss"]
[EventRounds "5"]
[EventCountry "DEN"]
[SourceTitle "Live v. Kasper Jerwiarz"]

1. Nf3 e6 2. c4 b6 3. Nc3 Bb7 4. g3 Nf6 5. Bg2 Be7 
6. O-O O-O 7. d4 d5 8. cxd5 exd5 9. Bf4 a6 10. Ne5 Nbd7 
11. Qb3 Nxe5 12. dxe5 Ne4 13. Nxe4 dxe4 14. Rfd1 Qe8 15. Rac1 Bc5 
16. Rxc5 bxc5 17. Qxb7 Rd8 18. Rxd8 Qxd8 19. Qxa6 Qd1+ 20. Bf1 h6 
21. h4 Qb1 22. b3 Rd8 23. e3 Rd2 24. Qc8+ Kh7 25. Qf5+ Kg8 
26. e6 fxe6 27. Qxe6+ Kf8 28. Bxc7 g6 29. Bd6+ Kg7 30. Qe7+ Kg8 
31. Be5 Qe1 32. Qg7# 1-0

[Event "DM 2024 KP-1 Grp2"]
[Site "Svendborg"]
[Date "2024.03.24"]
[Round "3"]
[White "Lavrsen, Frands Winther"]
[Black "Jensen, Soren"]
[Result "1-0"]
[WhiteElo "1817"]
[BlackElo "1824"]
[PlyCount "49"]
[WhiteFideId "1411152"]
[BlackFideId "1409999"]
[EventDate "2024.03.25"]
[EventType "swiss"]
[EventRounds "5"]
[EventCountry "DEN"]
[SourceTitle "Live v. Kasper Jerwiarz"]

1. f4 g6 2. Nf3 Bg7 3. g3 d6 4. d4 e6 5. Bg2 Ne7 
6. e4 d5 7. Nbd2 b6 8. exd5 exd5 9. Ne5 Bxe5 10. fxe5 Bb7 
11. O-O Nd7 12. Nf3 h6 13. Nh4 Ng8 14. e6 fxe6 15. Nxg6 Rh7 
16. Qg4 Ndf6 17. Qxe6+ Re7 18. Nxe7 Qxe7 19. Qxe7+ Kxe7 20. Bf4 c6 
21. Rae1+ Kf7 22. Be5 Rf8 23. Bh3 c5 24. Bd6 Rd8 25. dxc5 1-0

[Event "DM 2024 KP-1 Grp2"]
[Site "Svendborg"]
[Date "2024.03.24"]
[Round "3"]
[White "Marcussen, Claus"]
[Black "Petersen, Frank Gjerning"]
[Result "0-1"]
[WhiteElo "1791"]
[BlackElo "1844"]
[PlyCount "126"]
[WhiteFideId "1506021"]
[BlackFideId "1427032"]
[EventDate "2024.03.25"]
[EventType "swiss"]
[EventRounds "5"]
[EventCountry "DEN"]
[SourceTitle "Live v. Kasper Jerwiarz"]

1. f4 d5 2. Nf3 Nc6 3. d4 Bg4 4. e3 Nf6 5. c3 a6 
6. Nbd2 e6 7. Bd3 Bd6 8. Qc2 Ne7 9. O-O O-O 10. Nh4 Ng6 
11. Nxg6 hxg6 12. h3 Bf5 13. g4 Bxd3 14. Qxd3 c5 15. g5 Nh5 
16. Kg2 Qc7 17. Rf2 Rac8 18. Nf1 cxd4 19. cxd4 Qe7 20. Bd2 Rc6 
21. Bc3 Rfc8 22. a3 Rc4 23. Nh2 Qc7 24. Qd2 f5 25. Rc1 b6 
26. Ra1 a5 27. Nf1 Qe7 28. Qe1 a4 29. Rc2 b5 30. Kf3 Qc7 
31. Ba5 Qb7 32. Rxc4 dxc4+ 33. Kf2 Qh1 34. Bb4 Bb8 35. Qe2 Qxh3 
36. Qf3 Qxf3+ 37. Kxf3 Kf7 38. Nd2 Rd8 39. Bc5 Ke8 40. Nb1 Kd7 
41. Nc3 Kc6 42. Na2 Kb7 43. Rd1 e5 44. fxe5 Bxe5 45. Rg1 Bb8 
46. Nc3 Kc6 47. Bb4 f4 48. d5+ Kb6 49. e4 Be5 50. Nd1 Re8 
51. Be1 Ng3 52. Bf2+ Kc7 53. Re1 Kd6 54. Nc3 Rb8 55. Rd1 b4 
56. Nxa4 bxa3 57. Bc5+ Kd7 58. Bxa3 Rb3+ 59. Kg4 Nxe4 60. Nc5+ Nxc5 
61. Bxc5 Rg3+ 62. Kh4 Bxb2 63. Bd4 Rd3 0-1

[Event "DM 2024 KP-1 Grp2"]
[Site "Svendborg"]
[Date "2024.03.24"]
[Round "3"]
[White "Sejersen, Christian"]
[Black "Westh, Niels Buster Krog"]
[Result "1-0"]
[WhiteElo "1854"]
[BlackElo "1803"]
[PlyCount "67"]
[WhiteFideId "1441060"]
[BlackFideId "1438590"]
[EventDate "2024.03.25"]
[EventType "swiss"]
[EventRounds "5"]
[EventCountry "DEN"]
[SourceTitle "Live v. Kasper Jerwiarz"]

1. Nf3 b6 2. g3 Bb7 3. c4 Nf6 4. Bg2 e6 5. O-O Be7 
6. d4 O-O 7. Nc3 d5 8. Bf4 a6 9. Ne5 Nbd7 10. Qc2 Rc8 
11. Rad1 Re8 12. e4 dxe4 13. Nxe4 Bxe4 14. Bxe4 Nxe4 15. Qxe4 Nf6 
16. Qf3 Bf8 17. h4 Nd7 18. Bg5 Nf6 19. Rfe1 h6 20. Bc1 Qe7 
21. Nc6 Qd7 22. b3 Bd6 23. g4 Nh7 24. g5 hxg5 25. hxg5 Nf8 
26. Kg2 Ng6 27. Rh1 e5 28. d5 f6 29. gxf6 gxf6 30. Rdg1 e4 
31. Qh5 Qg7 32. Kf1 Kf7 33. Qf5 Be5 34. Rxg6 1-0

[Event "DM 2024 KP-1 Grp2"]
[Site "Svendborg"]
[Date "2024.03.24"]
[Round "3"]
[White "Hojland, Jeppe"]
[Black "Holm, Henrik"]
[Result "0-1"]
[WhiteElo "1788"]
[BlackElo "1858"]
[PlyCount "86"]
[WhiteFideId "1462172"]
[BlackFideId "1425340"]
[EventDate "2024.03.25"]
[EventType "swiss"]
[EventRounds "5"]
[EventCountry "DEN"]
[SourceTitle "Live v. Kasper Jerwiarz"]

1. c4 e5 2. g3 Nf6 3. Bg2 c6 4. d4 e4 5. d5 Bb4+ 
6. Bd2 Qe7 7. a3 Bxd2+ 8. Qxd2 O-O 9. Nh3 d6 10. O-O cxd5 
11. cxd5 Nbd7 12. Nc3 h6 13. b4 Nb6 14. e3 Bf5 15. Nf4 Rfc8 
16. Rfc1 Nc4 17. Qd4 Nb6 18. Bf1 Nbd7 19. Be2 a6 20. Kg2 g5 
21. Nh5 Nxh5 22. Bxh5 g4 23. Ne2 Qg5 24. Nf4 Nf6 25. Bxf7+ Kxf7 
26. Qb6 Ne8 27. Qxb7+ Qe7 28. Qxe7+ Kxe7 29. Rc6 Bd7 30. Rcc1 Rxc1 
31. Rxc1 Rc8 32. Rxc8 Bxc8 33. h3 gxh3+ 34. Nxh3 Kf6 35. Nf4 Ke5 
36. Ng6+ Kf6 37. Nf4 Bd7 38. f3 Ke5 39. fxe4 Kxe4 40. Kf2 Nf6 
41. Ke2 Ng4 42. Ng2 Bb5+ 43. Kd2 Kxd5 0-1

[Event "DM 2024 KP-1 Grp2"]
[Site "Svendborg"]
[Date "2024.03.24"]
[Round "3"]
[White "Bekmukhanov, Sauran"]
[Black "Westenvind, Allan"]
[Result "1-0"]
[WhiteElo "1862"]
[BlackElo "1860"]
[PlyCount "53"]
[WhiteFideId "1472844"]
[BlackFideId "1422952"]
[EventDate "2024.03.25"]
[EventType "swiss"]
[EventRounds "5"]
[EventCountry "DEN"]
[SourceTitle "Live v. Kasper Jerwiarz"]

1. e4 c5 2. Nf3 d6 3. d4 cxd4 4. Nxd4 Nf6 5. Nc3 g6 
6. Bc4 Bg7 7. O-O a6 8. f4 Nc6 9. e5 dxe5 10. Nxc6 Qxd1 
11. Bxf7+ Kxf7 12. Nxe5+ Ke8 13. Rxd1 Bf5 14. Be3 Rc8 15. Bb6 Nd7 
16. Nxd7 Bxd7 17. Nd5 Bf5 18. Re1 e6 19. c3 Kf7 20. Nc7 Bf6 
21. Rad1 Bd8 22. Rd7+ Be7 23. Bc5 Rhe8 24. Nxe8 Rxc5 25. Nd6+ Kf6 
26. g4 Rd5 27. gxf5 1-0

[Event "DM 2024 KP-1 Grp2"]
[Site "Svendborg"]
[Date "2024.03.25"]
[Round "4"]
[White "Horslund, Mikael"]
[Black "Lavrsen, Frands Winther"]
[Result "1-0"]
[WhiteElo "1839"]
[BlackElo "1817"]
[PlyCount "141"]
[WhiteFideId "1421042"]
[BlackFideId "1411152"]
[EventDate "2024.03.25"]
[EventType "swiss"]
[EventRounds "5"]
[EventCountry "DEN"]
[SourceTitle "Live v. Kasper Jerwiarz"]

1. e4 c5 2. Nc3 Nc6 3. g3 g6 4. Bg2 Bg7 5. d3 d6 
6. Be3 Nf6 7. h3 O-O 8. Qd2 Bd7 9. Nge2 a6 10. Bh6 Rb8 
11. O-O b5 12. Bxg7 Kxg7 13. a3 e6 14. d4 cxd4 15. Nxd4 Qc7 
16. Rfd1 Rfd8 17. Nxc6 Bxc6 18. Qd4 Qe7 19. Rd2 Kg8 20. Rad1 Ne8 
21. Qe3 Kg7 22. Ne2 b4 23. axb4 e5 24. c3 Rb5 25. Ra1 Qc7 
26. Rxa6 Rb7 27. Ra3 Nf6 28. Rd1 d5 29. exd5 Bxd5 30. Bxd5 Rxd5 
31. Rxd5 Nxd5 32. Qe4 Nb6 33. b3 Rb8 34. Ra5 f6 35. c4 Qd7 
36. Kg2 Qd1 37. Ra7+ Kg8 38. c5 Nd5 39. Nc3 Nxc3 40. Qc4+ Qd5+ 
41. Qxd5+ Nxd5 42. c6 Rxb4 43. Rb7 Rb6 44. c7 Rc6 45. Rb8+ Kf7 
46. c8=Q Rxc8 47. Rxc8 Ke6 48. Kf3 f5 49. Rh8 h5 50. h4 e4+ 
51. Ke2 f4 52. Ra8 Ke5 53. Ra6 fxg3 54. fxg3 Kf5 55. Ra5 Ke6 
56. Rxd5 Kxd5 57. Ke3 Ke5 58. b4 Kd5 59. b5 Kc5 60. Kxe4 Kxb5 
61. Kf4 Kc5 62. Kg5 Kd6 63. Kxg6 Ke6 64. Kxh5 Kf7 65. Kg5 Kg7 
66. g4 Kh7 67. Kf6 Kg8 68. g5 Kh7 69. Kf7 Kh8 70. h5 Kh7 
71. g6+ 1-0

[Event "DM 2024 KP-1 Grp2"]
[Site "Svendborg"]
[Date "2024.03.25"]
[Round "4"]
[White "Petersen, Frank Gjerning"]
[Black "Sejersen, Christian"]
[Result "0-1"]
[WhiteElo "1844"]
[BlackElo "1854"]
[PlyCount "60"]
[WhiteFideId "1427032"]
[BlackFideId "1441060"]
[EventDate "2024.03.25"]
[EventType "swiss"]
[EventRounds "5"]
[EventCountry "DEN"]
[SourceTitle "Live v. Kasper Jerwiarz"]

1. d4 Nf6 2. Nf3 g6 3. Nc3 d5 4. Bf4 a6 5. Qd2 Bg7 
6. Bh6 O-O 7. h4 Bxh6 8. Qxh6 Ng4 9. Qg5 Bf5 10. h5 e6 
11. Qf4 c5 12. Rh4 cxd4 13. Qxd4 Nc6 14. Qd2 Qb6 15. e3 Qxb2 
16. Rb1 Qxc2 17. Qxc2 Bxc2 18. Rxb7 Nge5 19. Nd4 Na5 20. Rb2 Bd3 
21. f4 Nec4 22. Rb4 Bxf1 23. Kxf1 Nxe3+ 24. Kf2 Nac4 25. hxg6 hxg6 
26. g4 Rfb8 27. Rb3 Kg7 28. Nc6 Rh8 29. Kg3 Nf1+ 30. Kh3 Rxh4+ 
0-1

[Event "DM 2024 KP-1 Grp2"]
[Site "Svendborg"]
[Date "2024.03.25"]
[Round "4"]
[White "Ramsdal, Lasse Andreas"]
[Black "Jensen, Soren"]
[Result "1-0"]
[WhiteElo "1816"]
[BlackElo "1824"]
[PlyCount "83"]
[WhiteFideId "1440675"]
[BlackFideId "1409999"]
[EventDate "2024.03.25"]
[EventType "swiss"]
[EventRounds "5"]
[EventCountry "DEN"]
[SourceTitle "Live v. Kasper Jerwiarz"]

1. d4 g6 2. c4 Bg7 3. Nc3 d6 4. e4 e6 5. Be3 Ne7 
6. Qd2 h6 7. f3 Nd7 8. Bd3 a6 9. Nge2 b6 10. g4 Bb7 
11. h4 Nc6 12. O-O-O Qe7 13. f4 O-O-O 14. Rh2 Nf6 15. Rg1 Rde8 
16. a3 Na5 17. Qc2 Nc6 18. Kb1 Kb8 19. Na2 Kc8 20. Nec1 Nd7 
21. Nb3 Kb8 22. Rc1 Rc8 23. c5 Rhg8 24. Rh3 Rh8 25. d5 exd5 
26. exd5 Nxc5 27. Nxc5 dxc5 28. dxc6 Bxc6 29. Bxa6 Rcd8 30. Qb3 Qe4+ 
31. Ka1 Ba4 32. Nc3 Qxe3 33. Qxa4 Qxc1+ 34. Ka2 Bxc3 35. Rxc3 Qd1 
36. Rb3 Qd5 37. Bb5 Qa8 38. Qc4 Rd4 39. Qxf7 Qd5 40. Qxg6 Rd8 
41. Qxh6 Rd3 42. Bxd3 1-0

[Event "DM 2024 KP-1 Grp2"]
[Site "Svendborg"]
[Date "2024.03.25"]
[Round "4"]
[White "Holm, Henrik"]
[Black "Bekmukhanov, Sauran"]
[Result "1/2-1/2"]
[WhiteElo "1858"]
[BlackElo "1862"]
[PlyCount "124"]
[WhiteFideId "1425340"]
[BlackFideId "1472844"]
[EventDate "2024.03.25"]
[EventType "swiss"]
[EventRounds "5"]
[EventCountry "DEN"]
[SourceTitle "Live v. Kasper Jerwiarz"]

1. e4 e5 2. Nf3 Nc6 3. Bc4 Bc5 4. O-O Nf6 5. d4 Bxd4 
6. Nxd4 Nxd4 7. f4 d6 8. fxe5 dxe5 9. Bg5 Be6 10. Na3 h6 
11. Bxf6 gxf6 12. c3 Bxc4 13. Nxc4 Nc6 14. Qxd8+ Rxd8 15. Rxf6 Rd7 
16. Raf1 Re7 17. b4 Rh7 18. b5 Nb8 19. Ne3 Nd7 20. R6f5 c6 
21. bxc6 bxc6 22. Ng4 Re6 23. Nf6+ Nxf6 24. Rxf6 Ke7 25. Rxe6+ Kxe6 
26. Rb1 f6 27. Kf2 Rd7 28. Ke3 c5 29. Rb3 c4 30. Ra3 h5 
31. Kf3 Rd3+ 32. Ke2 a5 33. Rxa5 Rxc3 34. Ra6+ Ke7 35. Kd2 Rd3+ 
36. Ke2 Rd4 37. Ke3 c3 38. Rc6 Ra4 39. Rxc3 Rxa2 40. Kf3 Kf7 
41. h3 Kg6 42. h4 Ra6 43. Rb3 f5 44. exf5+ Kxf5 45. Rb8 Ra3+ 
46. Kf2 Kg4 47. Rb4+ Kf5 48. Rb8 e4 49. Rf8+ Kg4 50. Rg8+ Kxh4 
51. Re8 Ra4 52. Ke3 Kg3 53. Rg8+ Kh4 54. Re8 Ra2 55. Rg8 Ra4 
56. Re8 Kg3 57. Rg8+ Kh2 58. Rh8 Ra5 59. g4 h4 60. Rxh4+ Kg3 
61. Rh5 Ra3+ 62. Kxe4 Kxg4 1/2-1/2

[Event "DM 2024 KP-1 Grp2"]
[Site "Svendborg"]
[Date "2024.03.25"]
[Round "4"]
[White "Jacobsen, Steen"]
[Black "Marcussen, Claus"]
[Result "0-1"]
[WhiteElo "1831"]
[BlackElo "1791"]
[PlyCount "94"]
[WhiteFideId "1447009"]
[BlackFideId "1506021"]
[EventDate "2024.03.25"]
[EventType "swiss"]
[EventRounds "5"]
[EventCountry "DEN"]
[SourceTitle "Live v. Kasper Jerwiarz"]

1. d4 f5 2. Bg5 Nf6 3. Bxf6 exf6 4. Nf3 d5 5. e3 Be6 
6. Bd3 Bd6 7. Qe2 c6 8. Nbd2 Nd7 9. O-O O-O 10. c4 g6 
11. cxd5 Bxd5 12. Bc4 Nb6 13. Bxd5+ Nxd5 14. Rfe1 Re8 15. a3 Kg7 
16. Qd3 Bc7 17. h4 Qd7 18. Rac1 Re7 19. Nb3 Bb6 20. Nfd2 Rae8 
21. Qf1 a6 22. Nc5 Bxc5 23. dxc5 Nxe3 24. fxe3 Qxd2 25. Qf2 Qxf2+ 
26. Kxf2 Rd7 27. Rcd1 Red8 28. Ke2 Kh6 29. Rxd7 Rxd7 30. Rf1 Rd5 
31. b4 Kh5 32. Rf4 g5 33. hxg5 fxg5 34. g4+ Kg6 35. gxf5+ Rxf5 
36. Rd4 Rf7 37. Rd6+ Kf5 38. Rh6 g4 39. Rh5+ Kg6 40. Rh2 h5 
41. e4 Kg5 42. Kd3 h4 43. e5 g3 44. Rg2 Kg4 45. e6 Re7 
46. Re2 Kh3 47. Re3 Kh2 0-1